| 000 | 00849cam a2200241 a 4500 | ||
|---|---|---|---|
| 001 | 000009824 | ||
| 005 | 20200929161723.0 | ||
| 008 | 750709s1974 sp 000 p spa | ||
| 015 | _aSp*** | ||
| 020 | _a8432504920 | ||
| 040 |
_aDO-SdBNP _cOU _dOCoLC _dDLC |
||
| 100 | 1 |
_aMarrero Suarez, Vicente, _d1922- _924736 |
|
| 245 | 1 | 0 |
_aPoesía / _cVicente Marrero. |
| 260 |
_aMadrid : _bDoncel, _c1974. |
||
| 300 |
_a222 p. ; _c18 cm. |
||
| 490 | 1 |
_aLibro joven de bolsillo _v54. |
|
| 505 | 0 | _aCanción en Castilla.--Las horas encontradas.--Con la mano en el pecho.--Rondan los alísios.--Más alla de la paz y de la guerra.--Viaje en carroza. | |
| 650 | 4 |
_aPoesía española _9631 |
|
| 650 | 4 |
_aLiteratura española _9632 |
|
| 650 | 4 |
_aPoesía amorosa _99227 |
|
| 830 | 0 |
_aLibro joven de bolsillo ; _v54. _912847 |
|
| 910 | _aCatalogación por copia / LC | ||
| 999 |
_c9583 _d9583 |
||